01205 a2200229 45000010006000000050017000060080041000230030015000640400040000790800036001192450072001550200018002272500012002452640036002573000019002935050494003120410008008061000017008147000021008317000024008528560099008764668320260407155737.0260407a1988 arg spa dAR-UNSa-BCEJYS aAR-UNSa-BCEJYSbspacAR-UNSa-BCEJYS a330.35xCrecimiento económico10aIntroducción a las teorías modernas del crecimiento económico a84-7162-785-X a2a. ed. 1aBarcelona :bAntoni Boschc1988 a313 p.c22 cm. a1. Crecimiento económico: teorías, modelos y “realidad” – 2. Conceptos y métodos de la teoría del crecimiento – 3. El modelo de crecimiento económico de Harrod-Domar – 4. El modelo de crecimiento neoclásico unisectorial – 5. Modelos de crecimiento económico bisectoriales – 6. La crítica de Cambridge – 7. Las acepciones sencillas del progreso técnico – 8. La transmisión y las causas del progreso técnico – 9. Crecimiento económico y bienestar. aspa1 aJones, Hywel1 aAguiló, Eugeni1 aMenduiña, Antonio41uhttps://www.biblioeco.unsa.edu.ar/pmb/images/libros/L128351.jpgyImagen de portadaqimage/jpeg